Phillips and another v Francis and another (Record no. 82452)

MARC details
000 -LEADER
fixed length control field 00868cam a22001815a 4500
001 - CONTROL NUMBER
control field L150306
008 - FIXED-LENGTH DATA ELEMENTS--GENERAL INFORMATION
fixed length control field 100624e20100619xxk 000 0 eng d
035 ## - SYSTEM CONTROL NUMBER
System control number (Sirsi) u150306
041 0# - LANGUAGE CODE
Language code of text/sound track or separate title eng
245 00 - TITLE STATEMENT
Title Phillips and another v Francis and another
260 ## - PUBLICATION, DISTRIBUTION, ETC.
Date of publication, distribution, etc. 2010
490 ## - SERIES STATEMENT
Series statement Estates Gazette
Volume/sequential designation [2010] 24 EG 118-122(5)
520 ## - SUMMARY, ETC.
Summary, etc. 24 March 2010. Concerned with whether the High Court has concurrent jurisdiction with Leasehold Valuation Tribunal (LVT) to determine service charge disputes and whether a holiday chalet is a dwelling to which service charge provisions of the Landlord and Tenant Act 1985 s18 to 30 applied. "Held" LVT had concurrent jurisdiction and s18 to 30 of the 1985 applied to holiday chalets.
590 ## - LOCAL NOTE (RLIN)
Local note KA
651 #4 - SUBJECT ADDED ENTRY--GEOGRAPHIC NAME
Geographic name ENGLAND AND WALES
690 ## - LOCAL SUBJECT ADDED ENTRY--TOPICAL TERM (OCLC, RLIN)
Topical term or geographic name as entry element PROPERTY-RESIDENTIAL PROPERTY-RESIDENTIAL PROPERTY MANAGEMENT
942 ## - ADDED ENTRY ELEMENTS (KOHA)
Suppress in OPAC 0
Holdings
Withdrawn status Lost status Source of classification or shelving scheme Damaged status Not for loan Home library Current library Shelving location Date acquired Total Checkouts Full call number Barcode Date last seen Copy number Price effective from Koha item type
    Dewey Decimal Classification     London London Journal article 24/06/2010   L150306 150306-1001 06/08/2019 1 06/08/2019 Law report